| 000 | 02039nam a2200289 a 4500 | ||
|---|---|---|---|
| 008 | 130717s2011 ||||||||||||||||| || u | ||
| 020 | _a9789982260510 | ||
| 050 | _aCOMESA(058)ABIS/2011 | ||
| 110 | _aCommon Market for Eastern and Southern Africa (COMESA) | ||
| 245 | 1 | 0 |
_aAnnual bulletin of infrastructure statistics 2011 _cby Common Market for Eastern and Southern Africa (COMESA) |
| 260 |
_aLusaka: _bCommon Market for Eastern and Southern Africa (COMESA) _c2011 |
||
| 300 | _av, 62p.: ill. | ||
| 362 | 1 | _a<p>Annual Bulletin of Infrastructure Statistics, 2011</p> | |
| 490 | _aAnnual Bulletin of Infrastructure Statistics | ||
| 500 | _aBibliography | ||
| 650 | _aCOMESA--REPORTS | ||
| 650 | _aCOMMON MARKET FOR EASTERN AND SOUTHERN AFRICA INFRASTRUCTURE--STATISTICS | ||
| 650 | _aCOMESA INFRASTRUCTURE--STATISTICS | ||
| 995 |
_aSPECIAL COLLECTIONS _e1859 _FCBU-MAIN LIBRARY (Kitwe) _jCOMESA(058)ABIS/2011E _M3 _UAVAILABLE _WAug 4, 2015 _yB1859 _ZInternational Publications |
||
| 995 |
_aSPECIAL COLLECTIONS _e888 _FCBU-MAIN LIBRARY (Kitwe) _jCOMESA(058)ABIS/2011C _M3 _UAVAILABLE _WAug 7, 2013 _yB888 _ZInternational Publications |
||
| 995 |
_aSPECIAL COLLECTIONS _e889 _FCBU-MAIN LIBRARY (Kitwe) _jCOMESA(058)ABIS/2011D _M4 _UAVAILABLE _WAug 7, 2013 _yB889 _ZInternational Publications |
||
| 995 |
_aSPECIAL COLLECTIONS _e886 _FCBU-MAIN LIBRARY (Kitwe) _jCOMESA(058)ABIS/2011A _M1 _UAVAILABLE _WAug 7, 2013 _yB886 _ZInternational Publications |
||
| 995 |
_aSPECIAL COLLECTIONS _e887 _FCBU-MAIN LIBRARY (Kitwe) _jCOMESA(058)ABIS/2011B _M2 _UAVAILABLE _WAug 7, 2013 _yB887 _ZInternational Publications |
||
| 995 |
_aSPECIAL COLLECTIONS _e1858 _FCBU-MAIN LIBRARY (Kitwe) _jCOMESA(058)ABIS/2011D _M2 _UAVAILABLE _WAug 4, 2015 _yB1858 _ZInternational Publications |
||
| 995 |
_aSPECIAL COLLECTIONS _e1852 _FCBU-MAIN LIBRARY (Kitwe) _jCOMESA(058)ABIS/2011G _M5 _UAVAILABLE _WJul 31, 2015 _yB1852 _ZInternational Publications |
||
| 995 |
_aSPECIAL COLLECTIONS _e1860 _FCBU-MAIN LIBRARY (Kitwe) _jCOMESA(058)ABIS/2011F _M4 _UAVAILABLE _WAug 4, 2015 _yB1860 _ZInternational Publications |
||
| 999 |
_c84242 _d84242 |
||